Oroszország és Kína sarkvidéki együttműködése és versengése Szövetség vagy rejtett rivalizálás?

Bibliographic Details
Main Authors: Kabai Nándor
Boda Kristóf
Other Authors: Sáringer Dr. János
Format: Students’ Scientific Association paper
Kulcsszavak:Arktiszi Tanács
Északi-sark
földgáz
geostratégia
hajózás
kína
kőolaj
LNG
Oroszország
ritkaföldfémek
Online Access:http://dolgozattar.uni-bge.hu/60420

MARC

LEADER 00000nta a2200000 i 4500
001 dolg60420
005 20260416073651.0
008 260416suuuu hu o 000 hun d
040 |a BGE Dolgozattár Repozitórium  |b hun 
041 |a hu 
100 1 |a Kabai Nándor 
245 1 0 |a Oroszország és Kína sarkvidéki együttműködése és versengése  |b Szövetség vagy rejtett rivalizálás?  |c Kabai Nándor  |h [elektronikus dokumentum] 
516 |a Students_Scientific_Association_paper 
520 3 |a Boda Kristóf és Kabai Nándor Konzulens: 5.aktív félév Dr. habil Sáringer János Nemzetközi Tanulmányok egyetemi docens BGE-NGK BGE-NGK Oroszország és Kína sarkvidéki együttműködése és versengése: Szövetség vagy rejtett rivalizálás? Tanulmányunk célja, hogy elemezzük Oroszország és Kína politikáját az Északi-sarkkal kapcsolatban gazdasági, katonai, jogi és diplomáciai szempontból. Kína nyitottabbá tette nemzetközi kapcsolatait és egyben mozgásterét növelte a 20. század utolsó évtizedeiben, ugyanekkor Oroszország birodalmi ambícióit újra megerősítette. A 21. században a két ország vezetői bizonyos kérdésekben egyetértenek, természetesen saját érdekeik mentén. Napjainkban Többekben felmerül, hogy felhőtlen-e a kapcsolat a két hatalom vezetői között vagy csupán kihasználják egymást céljaik eléréséhez? Kutatásunkban kérdéseink között szerepel egy alapkérdés, amihez szorosan kapcsolódik három további kérdés is. Dolgozatunk legfontosabb kérdése, az előbbiekre utalva, hogy valóban stratégiai szövetsége a két állam kapcsolata vagy csupán rejtett geopolitikai rivalizálás. Az alkérdések kapcsolódnak Oroszország álláspontjához a kínai érdekről, a politikai gazdasági és katonai tényezőkre, illetve a kínai függőség fennállása az orosz infrastruktúra miatt. Dolgozatunkban elsősorban primer forrásokra támaszkodtunk: az Arktiszi Tanács jelentései és dokumentumai, Oroszország és Kína sarkvidéki politikájáról szóló jelentések, illetve a 2018-ban kiadott kínai ún. Fehér Könyv, de nem kerülte el a figyelmünket a szekunder források sem így a tudományos tanulmányok, hírcsatornák hivatalos oldalai. Eddigi kutatásaink alapján megállapíthatjuk, hogy a tanulmányunk középpontjában álló két ország vezetőinek kapcsolatára jelenleg egyfajta „szívélyesség” is jellemző. A 20. századi történelmi elhidegülés, a kissingeri diplomácia és a rendszerváltoztatás körüli zűrzavaros időszak, mindkét állam felismerte, egyedül nem képesek irányítani a világot. Két dinamikusan fejlődő, más-más nyersanyagban gazdag ország szövetsége átértékelheti az eddigi világrendet. A két ország szövetségének megerősítésére – vagy éppen fordítva − szolgál a közös fellépés a nyersanyagokban gazdag, földrajzilag, stratégiailag fontos Északi-sark feletti ellenőrzés megszerzése. 
695 |a Arktiszi Tanács 
695 |a Északi-sark 
695 |a földgáz 
695 |a geostratégia 
695 |a hajózás 
695 |a kína 
695 |a kőolaj 
695 |a LNG 
695 |a Oroszország 
695 |a ritkaföldfémek 
700 1 |a Sáringer Dr. János  |e ths 
700 1 |a Boda Kristóf  |e aut 
856 4 0 |u http://dolgozattar.uni-bge.hu/60420/1/Boda%20Krist%C3%B3f_Kabai%20N%C3%A1ndor%20-%20Oroszorsz%C3%A1g%20%C3%A9s%20K%C3%ADna%20sarkvid%C3%A9ki%20egy%C3%BCttm%C5%B1k%C3%B6d%C3%A9se%20%C3%A9s%20verseng%C3%A9se%20Sz%C3%B6vets%C3%A9g%20vagy%20rejtett%20rivaliz%C3%A1l%C3%A1s.pdf  |z Dokumentum-elérés 
856 4 0 |u http://dolgozattar.uni-bge.hu/60420/2/Boda%20Krist%C3%B3f-Kabai%20N%C3%A1ndor%20-%20%20Rez%C3%BCm%C3%A9.docx  |z Dokumentum-elérés 
856 4 0 |u http://dolgozattar.uni-bge.hu/60420/3/Boda%20Krist%C3%B3f_Kabai%20N%C3%A1ndor_TDK_T%C3%A1rsszerz%C5%91i%20nyilatkozat.pdf  |z Dokumentum-elérés 
856 4 0 |u http://dolgozattar.uni-bge.hu/60420/4/Boda%20Krist%C3%B3f%20-%20Kabai%20N%C3%A1ndor%20NGK%20GYPI.doc  |z Dokumentum-elérés 
856 4 0 |u http://dolgozattar.uni-bge.hu/60420/5/Boda_Krist%C3%B3f_Kabai_N%C3%A1ndor_NGK_TPSM.doc  |z Dokumentum-elérés